Central Library OPAC University of Rajshahi

Reproductive Health Research Bibliography / (Record no. 25149)

MARC details
000 -LEADER
fixed length control field 00860nam a2200241 a 4500
001 - CONTROL NUMBER
control field 25149
003 - CONTROL NUMBER IDENTIFIER
rucl marc code BD-RjUL
005 - DATE AND TIME OF LATEST TRANSACTION
control field 20211209050834.0
008 - FIXED-LENGTH DATA ELEMENTS--GENERAL INFORMATION
fixed length control field 160901s1999 bg b 00100 eng
035 ## - SYSTEM CONTROL NUMBER
System control number (BD-RjUL)25218
040 ## - CATALOGING SOURCE
Original cataloging agency BD-RjUL
Language of cataloging eng
Transcribing agency BD-RjUL
041 ## - LANGUAGE CODE
Language code of text/sound track or separate title eng
082 00 - DEWEY DECIMAL CLASSIFICATION NUMBER
Classification number 016.61394
Edition number 23
Author mark and year BAR 1999
110 ## - MAIN ENTRY--CORPORATE NAME
Corporate name or jurisdiction name as entry element Bangladesh Medical Research Council (BMRC)
9 (RLIN) 154474
245 ## - TITLE STATEMENT
Title Reproductive Health Research Bibliography /
Statement of responsibility, etc. Bangladesh Medical Research Council (BMRC) ; compiled by Harun-Ar-Rashid
260 ## - PUBLICATION, DISTRIBUTION, ETC. (IMPRINT)
Place of publication, distribution, etc. Dhaka :
Name of publisher, distributor, etc. Bangladesh Medical Research Council (BMRC),
Date of publication, distribution, etc. 1999
300 ## - PHYSICAL DESCRIPTION
Pagination lxvi, 557, xxviii p. ;
Size 24 cm.
650 ## - SUBJECT ADDED ENTRY--TOPICAL TERM
Topical term or geographic name as entry element Reproductive Health
Form subdivision Bibliography
9 (RLIN) 154475
651 #0 - SUBJECT ADDED ENTRY--GEOGRAPHIC NAME
Geographic name India
General subdivision Politics and government.
9 (RLIN) 77369
Geographic name India
General subdivision History, Military.
9 (RLIN) 77370
700 ## - ADDED ENTRY--PERSONAL NAME
Personal name Harun-Ar-Rashid, comp.
942 ## - ADDED ENTRY ELEMENTS (KOHA)
Source of classification or shelving scheme Dewey Decimal Classification
Koha item type Reference
Holdings
Lost status Source of classification or shelving scheme Damaged status Not for loan Collection code Permanent Location Current Location Shelving location Date acquired Source of acquisition Total Checkouts Full call number Date last seen Copy number Koha item type
  Dewey Decimal Classification   Not For Loan Reference Central Library, University of Rajshahi Central Library, University of Rajshahi   02/07/2001 Dhaka, BMRC   R 016.61394 BAR 1999 01/09/2016 C-1 Reference